Études sur le lias et le bajocien des bordures nord et nord-est du massif central français. (Record no. 28788)

MARC details
000 -LEADER
fixed length control field 01234cam a22003251 4500
001 - CONTROL NUMBER
control field gs 53000283
003 - CONTROL NUMBER IDENTIFIER
control field DLC
005 - DATE AND TIME OF LATEST TRANSACTION
control field 20260227111400.0
008 - FIXED-LENGTH DATA ELEMENTS--GENERAL INFORMATION
fixed length control field 780204s1953 fr abf b 000 0 fre c
010 ## - LIBRARY OF CONGRESS CONTROL NUMBER
LC control number gs 53000283
035 ## - SYSTEM CONTROL NUMBER
System control number (OCoLC)3604052
040 ## - CATALOGING SOURCE
Original cataloging agency U.S.Geol.Survey. Libr.
Transcribing agency CCC
Modifying agency OCoLC
-- DLC
042 ## - AUTHENTICATION CODE
Authentication code premarc
050 10 - LIBRARY OF CONGRESS CALL NUMBER
Classification number QE268
Item number .A3 t. 50 no. 236
100 1# - MAIN ENTRY--PERSONAL NAME
Personal name Mouterde, René,
Dates associated with a name 1880-1961.
245 10 - TITLE STATEMENT
Title Études sur le lias et le bajocien des bordures nord et nord-est du massif central français.
260 ## - PUBLICATION, DISTRIBUTION, ETC.
Place of publication, distribution, etc. Paris,
Name of publisher, distributor, etc. Béranger,
Date of publication, distribution, etc. 1953.
300 ## - PHYSICAL DESCRIPTION
Extent 458 p.
Other physical details illus., plates, maps, tables.
Dimensions 24 cm.
490 1# - SERIES STATEMENT
Series statement Bulletin du Service de la carte géologique de la France.
Volume/sequential designation No 236, t. 50, 1952
500 ## - GENERAL NOTE
General note Cover title.
500 ## - GENERAL NOTE
General note At head of title: Ministère de l'industrie et du commerce.
500 ## - GENERAL NOTE
General note Pages also numbered 63-521.
500 ## - GENERAL NOTE
General note Part of illustrative matter is folded; part in pocket.
504 ## - BIBLIOGRAPHY, ETC. NOTE
Bibliography, etc. note "Bibliographie": p. 11-23.
650 #0 - SUBJECT ADDED ENTRY--TOPICAL TERM
Topical term or geographic name entry element Geology
Geographic subdivision France.
650 #0 - SUBJECT ADDED ENTRY--TOPICAL TERM
Topical term or geographic name entry element Geology, Stratigraphic
Chronological subdivision Jurassic.
650 #0 - SUBJECT ADDED ENTRY--TOPICAL TERM
Topical term or geographic name entry element Paleontology
Geographic subdivision France.
650 #0 - SUBJECT ADDED ENTRY--TOPICAL TERM
Topical term or geographic name entry element Paleontology
Chronological subdivision Jurassic.
830 #0 - SERIES ADDED ENTRY--UNIFORM TITLE
Uniform title Bulletin du Service de la carte géologique de la France ;
Volume/sequential designation no 236, t. 50, 1952.

No items available.

Powered by Koha